[Event "Moravia-ch5 corr9697"]
[Site "Czech Republic"]
[Date "1996.??.??"]
[Round "?"]
[White "Holas, Jaroslav"]
[Black "Ruda, Jaroslav"]
[Result "1-0"]
[WhiteElo "2265"]
[BlackElo "2245"]
[PlyCount "91"]
[EventDate "1996.??.??"]
[EventType "tourn (corr)"]
[EventRounds "14"]
[EventCountry "CZE"]
[SourceTitle "Corr 2002"]
[Source "ChessBase"]
[SourceDate "2002.05.23"]
[SourceVersion "1"]
[SourceVersionDate "2002.05.23"]
[SourceQuality "1"]

1. d4 Nf6 2. Bg5 Ne4 3. Bf4 c5 4. f3 Qa5+ 5. c3 Nf6 6. d5 Qb6 7. b3 g6 8. e4 Bg7 9. Qc2 e6 10. dxe6 Qxe6 11. Na3 Nd5 12. Nb5 Na6 13. Nd6+ Kf8 14. Bc4 Qf6 15. Bxd5 Qxc3+ 16. Qxc3 Bxc3+ 17. Ke2 Bxa1 18. Nh3 Bd4 19. Nxc8 Rxc8 20. Bxb7 Rc6 21. Bxc6 dxc6 22. Rc1 Ke7 23. Rc4 Ra8 24. Ra4 Nb4 25. Bd2 h5 26. Bxb4 cxb4 27. Rxb4 Rd8 28. Rb7+ Rd7 29. Rxd7+ Kxd7 30. Kd3 c5 31. b4 Bf6 32. bxc5 Kc6 33. Kc4 Be7 34. e5 a6 35. Nf4 Bxc5 36. Nd3 Bg1 37. h3 a5 38. a4 g5 39. Nc1 Bh2 40. Nb3 Bxe5 41. Nxa5+ Kd6 42. Nb7+ Kc7 43. Kd5 Bf4 44. Na5 Kd7 45. g4 hxg4 46. fxg4 1-0

[Event "Moravia-ch5 corr9697"]
[Site "Czech Republic"]
[Date "1996.??.??"]
[Round "?"]
[White "Ruda, Jaroslav"]
[Black "Bazantova, Marie"]
[Result "1/2-1/2"]
[WhiteElo "2245"]
[BlackElo "2115"]
[PlyCount "61"]
[EventDate "1996.??.??"]
[EventType "tourn (corr)"]
[EventRounds "14"]
[EventCountry "CZE"]
[SourceTitle "Corr 2002"]
[Source "ChessBase"]
[SourceDate "2002.05.23"]
[SourceVersion "1"]
[SourceVersionDate "2002.05.23"]
[SourceQuality "1"]

1. e4 e5 2. Nf3 Nc6 3. Bb5 a6 4. Ba4 Nf6 5. d4 exd4 6. 0-0 Be7 7. e5 Ne4 8. Nxd4 0-0 9. Nf5 d5 10. Bxc6 bxc6 11. Nxe7+ Qxe7 12. Re1 Re8 13. f3 Nd6 14. b3 Bf5 15. Ba3 f6 16. f4 fxe5 17. fxe5 Qe6 18. Bb2 Nf7 19. Nd2 c5 20. Qf3 d4 21. Qf2 Qg6 22. Ba3 Rxe5 23. Rxe5 Nxe5 24. Rf1 Bxc2 25. Bxc5 Nd7 26. Qxd4 Qd3 27. Rf3 Qxd4+ 28. Bxd4 c5 29. Bb2 Re8 30. Ne4 Bb1 31. Kf2 1/2-1/2